000 00661nam a2200241Ia 4500
005 20231128094827.0
008 131103s9999 xx 000 0 und d
020 _a8120713990
_cRs.300
040 _aLoreto College
041 _aEnglish
082 _a396
_bKAU
100 _aKaur,Manmohan
245 _aWomen in India's Freedom Struggle
_c Manmohan Kaur
250 _a3rd ed.
260 _aNew Delhi
_bSterling Publishers
_c1992
300 _aix,302 p.
504 _aIncludes bibliographical references and index
630 _aIndian Women's Movement
650 _aWomen's Movement
651 _aWomen Studies
850 _aLCLIB
942 _cBK
999 _c11355
_d61834